000 00397nam a2200133Ia 4500
008 151001s9999||||xx |||||||||||||| ||und||
100 _aकृष्णतीर्थ
245 _aवैदिक गणित भाग १
250 _a1
260 _b"दिलीप दत्तात्रय कुलकर्णी ,पुणे"
260 _c1982
300 _a68
365 _b21
999 _c999359
_d999356